Calculus / (رقم التسجيلة. 38311)

تفاصيل مارك
000 -الفاتح
حقل البيانات ثابتة الطول 00917cam a2200265 a 4500
003 - محدد رقم الضبط
رقم الضبط OSt
005 - وقت وتاريخ اخر تعامل مع التسجيلة
رقم الضبط 20151011173312.0
008 - عناصر البيانات ثابتة الطول - معلومات عامة
حقل البيانات ثابتة الطول 030411s2014 nyua f 001 0 eng
020 ## - الرقم الدولى المعيارى للكتب
الرقم الدولى المعيارى للكتاب 9781285091082
040 ## - مصدر الفهرسة
وكالة الفهرسة الأصلية Ma-Un
082 00 - رقم تصنيف ديوى العشرى
رقم الطبعة 22
رقم التصنيف 515
رقم المادة A H C
100 1# - المدخل الرئيسى - إسم شخصى
الإسم الشخصى Larson, Ron
9 (RLIN) 18131
245 10 - بيان العنوان
العنوان Calculus /
بيان المسئوليه,etc Ron larson.
246 18 - العنوان الموازى
عنوان صحيح/عنوان مختصر Calculus early transcendentals
246 1# - العنوان الموازى
نص العرض Title on container:
عنوان صحيح/عنوان مختصر Calculus early transcendentals study skills version
250 ## - بيان الطبعة
بيان الطبعة 10th ed.
260 ## - PUBLICATION, DISTRIBUTION, ETC. (IMPRINT)
مكان الناشر او الموزع New York :
اسم الناشر او الموزع John Wiley & Sons,
تاريخ النشر أو التوزيع 2014.
300 ## - الوصف المادى
التعداد 1 v. (various pagings) :
تفاصيل ماديه اخرى للوعاء ill. (some col.) ;
أبعاد الوعاء 27 cm.
500 ## - تبصرة عامة
تبصرة عامة Includes index.
650 #0 - المدخل الاضافى بالموضوع-مصطلح موضوعى
مصطلح موضوعي أو اسم جغرافي كعنصر مدخل Calculus
9 (RLIN) 51808
700 1# - المدخل الاضافى - اسم شخصى
الإسم الشخصى Davis, Stephen,
التواريخ المصاحبة للاسم 1952-
9 (RLIN) 4534
700 1# - المدخل الاضافى - اسم شخصى
الإسم الشخصى Bivens, Irl.
9 (RLIN) 4533
942 ## - عناصر المدخل الإضافي( كوها)
مصدر التصنيف او مخطط الترفيف Dewey Decimal Classification
Koha [default] item type كتاب
المقتنيات
حالة الفقد نموذج السعر الفعال حالة تلف ليس للاعارة رقم الطلب تاريخ الاكتساب الموقع الحالي الباركود الفرع الرئيسي Date last seen نوع المادة فى نظام كوها مصدر التصنيف او خطة الترفيف Total Checkouts
  2015-10-11     515 A H C 2015-10-11 المكتبة المركزية بالمجمعة (CL) 00653762 المكتبة المركزية بالمجمعة (CL) 2015-10-11 كتاب Dewey Decimal Classification  
  2015-10-11     515 A H C 2015-10-11 المكتبة المركزية بالمجمعة (CL) 00653763 المكتبة المركزية بالمجمعة (CL) 2015-10-11 كتاب Dewey Decimal Classification  
  2015-10-11     515 A H C 2015-10-11 المكتبة المركزية بالمجمعة (CL) 00653764 المكتبة المركزية بالمجمعة (CL) 2015-10-11 كتاب Dewey Decimal Classification